[Event "5. OPEN International Championship of Vo"]
[Site "Novi Sad - MASTER CENTAR - SAJ"]
[Date "2014.07.12"]
[Round "2.27"]
[White "Kollari, Sulejman"]
[Black "Ratkovic, Milovan"]
[Result "1/2-1/2"]
[WhiteElo "2104"]
[BlackElo "2295"]
[PlyCount "92"]
[EventDate "2014.07.12"]

1. e4 c6 2. d4 d5 3. Nc3 dxe4 4. Nxe4 Nf6 5. Nxf6+ gxf6 6. Bc4 Bf5 7. Ne2 e6 8.
Ng3 Bg6 9. c3 Nd7 10. Bf4 Nb6 11. Bd3 Nd5 12. Bxg6 hxg6 13. Qf3 Nxf4 14. Qxf4
Bd6 15. Qe3 f5 16. Qe2 Qg5 17. Qf3 O-O-O 18. h3 Kb8 19. O-O Qh4 20. Rfe1 g5 21.
Kf1 g4 22. hxg4 fxg4 23. Qd3 c5 24. Rad1 Bf4 25. Ke2 c4 26. Qxc4 Bxg3 27. fxg3
Qxg3 28. Rd2 Qxg2+ 29. Kd1 Qf3+ 30. Kc2 g3 31. Rf1 Qe4+ 32. Kb3 Rh2 33. Rxf7
Rc8 34. Qd3 Qd5+ 35. Kc2 Rxd2+ 36. Qxd2 e5 37. Rg7 exd4 38. Rxg3 Qf5+ 39. Qd3
Qf2+ 40. Kb3 dxc3 41. Qd6+ Ka8 42. Rxc3 Qf7+ 43. Ka3 Re8 44. Qc7 Qe6 45. Qc4
Qd6+ 46. Qc5 Qd7 1/2-1/2

[Event "5. OPEN International Championship of Vo"]
[Site "Novi Sad - MASTER CENTAR - SAJ"]
[Date "2014.07.12"]
[Round "2.28"]
[White "Musicki, Stevan"]
[Black "Pasko, Llambi"]
[Result "0-1"]
[WhiteElo "2101"]
[BlackElo "2285"]
[PlyCount "96"]
[EventDate "2014.07.12"]

1. d4 Nf6 2. c4 g6 3. Nc3 Bg7 4. e4 d6 5. Nf3 O-O 6. Be2 e5 7. dxe5 dxe5 8. O-O
c6 9. Qxd8 Rxd8 10. h3 Na6 11. Be3 Nh5 12. Rfd1 Re8 13. c5 Nc7 14. Ng5 Nf4 15.
Bc4 Nfe6 16. Nxe6 Nxe6 17. Ne2 Kh8 18. Rac1 f5 19. f3 f4 20. Bf2 g5 21. Kf1 h5
22. Ke1 Kh7 23. Rc2 g4 24. hxg4 hxg4 25. fxg4 Ng5 26. Nc3 Bxg4 27. Be2 Be6 28.
Rcd2 Kg6 29. Rd6 Bf6 30. R6d3 Be7 31. b3 Rh8 32. Kd2 Rh2 33. Rg1 Rg8 34. Ke1
Kf7 35. Kf1 Nh7 36. Nb1 Nf6 37. Nd2 Bg4 38. Bxg4 Nxg4 39. b4 Ke6 40. Nf3 Rh7
41. g3 Rf7 42. gxf4 Rxf4 43. Bg3 Rxe4 44. a3 Rf8 45. Kg2 Re2+ 46. Kh3 Re3 47.
Nxe5 Nf2+ 48. Kg2 Nxd3 0-1

[Event "5. OPEN International Championship of Vo"]
[Site "Novi Sad - MASTER CENTAR - SAJ"]
[Date "2014.07.12"]
[Round "2.29"]
[White "Peovic, Milos"]
[Black "Kozomora, Dragan"]
[Result "1-0"]
[WhiteElo "2281"]
[BlackElo "2105"]
[PlyCount "67"]
[EventDate "2014.07.12"]

1. e4 c6 2. d4 d5 3. e5 Bf5 4. Nd2 e6 5. Nb3 Nd7 6. Nf3 Ne7 7. Be3 a5 8. a4 Bg4
9. h3 Bh5 10. Bd3 Qc7 11. O-O b6 12. g4 Bg6 13. Rc1 f6 14. Bf4 Bxd3 15. cxd3
Ng6 16. Bg3 fxe5 17. dxe5 Bc5 18. Ng5 Ke7 19. d4 Bb4 20. Qc2 Ngf8 21. Bh4 Ke8
22. Qxc6 Qxc6 23. Rxc6 Be7 24. Nxe6 Bxh4 25. Nc7+ Ke7 26. Nxa8 Ne6 27. Nxb6 Rb8
28. Nxd7 Rxb3 29. Rxe6+ Kxd7 30. Rd6+ Ke7 31. Rxd5 Rxb2 32. Rb5 Ra2 33. d5 Rxa4
34. Rb7+ 1-0

[Event "5. OPEN International Championship of Vo"]
[Site "Novi Sad - MASTER CENTAR - SAJ"]
[Date "2014.07.12"]
[Round "2.30"]
[White "Petrovic, Marija"]
[Black "Stocko, Josip"]
[Result "1/2-1/2"]
[WhiteElo "2087"]
[BlackElo "2269"]
[PlyCount "57"]
[EventDate "2014.07.12"]

1. Nf3 Nf6 2. g3 g6 3. Bg2 Bg7 4. O-O O-O 5. d4 d6 6. b3 Nbd7 7. Bb2 c6 8. c4
Re8 9. Nc3 Qc7 10. e4 a6 11. Rc1 e5 12. dxe5 dxe5 13. b4 a5 14. b5 Bf8 15. Qe2
Nc5 16. h3 a4 17. Rc2 a3 18. Bc1 Ne6 19. Be3 Bb4 20. Rb1 Bxc3 21. Rxc3 c5 22.
Bh6 b6 23. Re1 Nd4 24. Qe3 Ra4 25. Bg5 Nd7 26. Nh2 f6 27. Bh6 Nf8 28. Qc1 Qf7
29. Nf1 1/2-1/2

[Event "5. OPEN International Championship of Vo"]
[Site "Novi Sad - MASTER CENTAR - SAJ"]
[Date "2014.07.12"]
[Round "2.31"]
[White "Napoli, Nicolo'"]
[Black "Petrusic, Velimir"]
[Result "1-0"]
[WhiteElo "2267"]
[BlackElo "2104"]
[PlyCount "127"]
[EventDate "2014.07.12"]

1. e4 e6 2. d4 d5 3. e5 c5 4. c3 Nc6 5. Nf3 Bd7 6. Bd3 Rc8 7. dxc5 Bxc5 8. O-O
Nge7 9. Bf4 Ng6 10. Bg3 O-O 11. h4 f5 12. exf6 Qxf6 13. Qc2 e5 14. h5 e4 15.
hxg6 Qxg6 16. Qb3 Be6 17. Qb5 Bb6 18. Nbd2 exd3 19. Rae1 Kh8 20. Rxe6 Qxe6 21.
Qxd3 Qg4 22. Nh2 Qf5 23. Qxf5 Rxf5 24. Rd1 d4 25. c4 Ne5 26. b3 Rd8 27. Ne4 d3
28. c5 Bc7 29. Nf1 Kg8 30. Ne3 Rh5 31. Nc3 Kf7 32. Ncd5 Bb8 33. Bxe5 Rxe5 34.
Rxd3 a5 35. a3 Ke6 36. Nf4+ Ke7 37. Rc3 Ba7 38. b4 axb4 39. axb4 Re4 40. g3 g6
41. Kg2 g5 42. Nfd5+ Ke6 43. Rd3 Re5 44. Nc7+ Ke7 45. Ned5+ Kf7 46. Rf3+ Kg7
47. Nf6 Rf8 48. Ncd5 Bb8 49. Nh5+ Kg8 50. Ndf6+ Kh8 51. Rd3 Re7 52. b5 Be5 53.
Nd7 Rc8 54. Rd5 Rce8 55. Kh3 h6 56. Kg4 Re6 57. Kf5 Bb2 58. Rd3 R8e7 59. f4 Bc1
60. Nf8 Re3 61. Ng6+ Kh7 62. Nf6+ Kg7 63. Rd8 Rc7 64. Nh5+ 1-0

[Event "5. OPEN International Championship of Vo"]
[Site "Novi Sad - MASTER CENTAR - SAJ"]
[Date "2014.07.12"]
[Round "2.32"]
[White "Drogovoz, Irina"]
[Black "Gavrilovic, Leonardo"]
[Result "1-0"]
[WhiteElo "2073"]
[BlackElo "2267"]
[PlyCount "115"]
[EventDate "2014.07.12"]

1. d4 Nf6 2. c4 e6 3. Nf3 b6 4. e3 Bb7 5. Bd3 c5 6. O-O Be7 7. Nc3 d5 8. Qe2
dxc4 9. Bxc4 a6 10. dxc5 Bxc5 11. b3 O-O 12. Rd1 Qc7 13. Bb2 b5 14. Bd3 Nbd7
15. Rac1 Qa5 16. Ng5 Be7 17. Nxh7 Rfd8 18. Nxf6+ Nxf6 19. Bb1 Qb4 20. Qf1 Qh4
21. Ne2 Bd6 22. h3 Ne4 23. Rd4 e5 24. Rd3 Ng5 25. Ng3 e4 26. Rxd6 Rxd6 27. Nf5
Nxh3+ 28. gxh3 Rg6+ 29. Kh1 Qg5 30. Ng3 Re8 31. Bd4 Rh6 32. Rc5 Qg4 33. Bc2
Rxh3+ 34. Kg1 Re6 35. Qg2 Rg6 36. Rc7 Bd5 37. Be5 Rgh6 38. Bf4 g5 39. Be5 f6
40. Bd4 Qh4 41. Kf1 Rh2 42. Qg1 Qh3+ 43. Ke1 Rg2 44. Qf1 Rxg3 45. Rc5 Qh1 46.
Qxh1 Rxh1+ 47. Ke2 Rf3 48. Rxd5 f5 49. Rxf5 Rxf5 50. Bxe4 Rxf2+ 51. Kxf2 Rc1
52. Bf6 Kf7 53. Bxg5 Ra1 54. Kf3 a5 55. Bd8 b4 56. Bc6 Ke6 57. Bxa5 Kd6 58. Bb5
1-0